Cơ sở lý thuyết tính toán = Introduction to automata theory, languages, and computation
Sách trình bày những cơ sở toán học cho các quá trình tính toán dựa trên mô hình máy Turing
Αποθηκεύτηκε σε:
| Κύριος συγγραφέας: | |
|---|---|
| Μορφή: | Βιβλίο |
| Γλώσσα: | Undetermined |
| Έκδοση: |
Thành phố Hồ Chí Minh
Đại học Quốc gia Thành phố Hồ Chí Minh
2003
|
| Θέματα: | |
| Ετικέτες: |
Προσθήκη ετικέτας
Δεν υπάρχουν, Καταχωρήστε ετικέτα πρώτοι!
|
| Thư viện lưu trữ: | Trung tâm Học liệu Trường Đại học Cần Thơ |
|---|
| LEADER | 00935nam a2200217Ia 4500 | ||
|---|---|---|---|
| 001 | CTU_132187 | ||
| 008 | 210402s9999 xx 000 0 und d | ||
| 020 | |c 24000 | ||
| 082 | |a 511.3 | ||
| 082 | |b H791 | ||
| 100 | |a Hopcroft, J. | ||
| 245 | 0 | |a Cơ sở lý thuyết tính toán = | |
| 245 | 0 | |b Introduction to automata theory, languages, and computation | |
| 245 | 0 | |c J. Hopcroft, R. Motwani, J.Ullman; Trần Đức Quang biên dịch và chú giải | |
| 260 | |a Thành phố Hồ Chí Minh | ||
| 260 | |b Đại học Quốc gia Thành phố Hồ Chí Minh | ||
| 260 | |c 2003 | ||
| 520 | |a Sách trình bày những cơ sở toán học cho các quá trình tính toán dựa trên mô hình máy Turing | ||
| 650 | |a Toán học,Machine theory,Formal languages,Computational complexity | ||
| 904 | |i Trọng Hải | ||
| 980 | |a Trung tâm Học liệu Trường Đại học Cần Thơ | ||